000 00296nam a22001337a 4500
008 170303b xxu||||| |||| 00| 0 eng d
020 _a9780072965971
041 _aeng
080 _a575
100 _a6
101 _aSHM
245 _aGENETICS ANALYSIS PRINCIPLES
_cBROOKER.R.J
942 _2udc
_cBK
999 _c6755
_d6755